000 00359 a2200109 4500
001 ART_53848
005 20260410162035.0
008 260409a
245 1 0 _aContratación de trabajadores a través de empresas de servicios eventuales
100 1 _aDe Luca, Lorena F.
773 0 _tLiquidación de sueldos
_g- N° 185 (oct. 2021)
_wREV44399
999 _c34339
_d34339